[Event "HUN-chT2 Erkel 1718"]
[Site "Hungary"]
[Date "2018.03.25"]
[Round "10.1"]
[White "Nogrady, Vilmos"]
[Black "Vereb, Gabor"]
[Result "1-0"]
[WhiteElo "2143"]
[BlackElo "2205"]
[PlyCount "43"]
[EventDate "2017.09.24"]
[EventType "team-tourn"]
[EventRounds "11"]
[EventCountry "HUN"]
[SourceTitle "EXT 2021"]
[Source "ChessBase"]
[SourceDate "2020.10.23"]
[SourceVersion "1"]
[SourceVersionDate "2020.10.23"]
[SourceQuality "1"]
[WhiteTeam "Fot"]
[BlackTeam "Szada GSBE"]
[WhiteTeamCountry "HUN"]
[BlackTeamCountry "HUN"]

1. e4 e5 2. Bc4 Nf6 3. d4 exd4 4. Nf3 Nxe4 5. Qxd4 Nf6 6. Bg5 Be7 7. Nc3 0-0 8. 0-0-0 c6 9. Rhe1 h6 10. Qh4 hxg5 11. Nxg5 d6 12. Bd3 Re8 13. Re3 g6 14. Bxg6 fxg6 15. Qh6 Bf8 16. Qxg6+ Bg7 17. Qf7+ Kh8 18. Rd4 Ne4 19. Qh5+ Kg8 20. Ncxe4 Re7 21. Qg6 Nd7 22. Rf3 1-0

[Event "Budapest Spring op"]
[Site "Budapest"]
[Date "2016.03.27"]
[Round "9"]
[White "Koczo, Kristof"]
[Black "Vereb, Gabor"]
[Result "0-1"]
[WhiteElo "2211"]
[BlackElo "2172"]
[PlyCount "62"]
[EventDate "2016.03.18"]
[EventType "swiss"]
[EventRounds "9"]
[EventCountry "HUN"]
[SourceTitle "CBM 171 Extra"]
[Source "ChessBase"]
[SourceDate "2016.04.26"]
[SourceVersion "1"]
[SourceVersionDate "2016.04.26"]
[SourceQuality "1"]

1. d4 Nf6 2. c4 g6 3. Nc3 Bg7 4. e4 d6 5. h3 0-0 6. Bg5 Na6 7. Bd3 e5 8. d5 Qe8 9. Nge2 c6 10. g4 cxd5 11. cxd5 Nc5 12. Bc2 a5 13. Ng3 Bd7 14. f3 b5 15. h4 b4 16. Nce2 a4 17. b3 axb3 18. axb3 Rxa1 19. Qxa1 Qa8 20. Kf2 Qb7 21. Qb2 Ra8 22. Ra1 Ra6 23. Nc1 Qa7 24. Rxa6 Ncxe4+ 25. Ke1 Qg1+ 26. Ke2 Nxg3+ 27. Kd2 Qf2+ 28. Kd1 Qxf3+ 29. Ke1 Qf1+ 30. Kd2 Qf2+ 31. Kd3 Bb5# 0-1

[Event "HUN-chT2 Erkel 1516"]
[Site "Hungary"]
[Date "2016.03.20"]
[Round "9.2"]
[White "Frink, Ferenc"]
[Black "Vereb, Gabor"]
[Result "0-1"]
[WhiteElo "2098"]
[BlackElo "2173"]
[PlyCount "84"]
[EventDate "2015.09.13"]
[EventType "team-tourn"]
[EventRounds "11"]
[EventCountry "HUN"]
[SourceTitle "EXT 2017"]
[Source "ChessBase"]
[SourceDate "2016.10.25"]
[SourceVersion "1"]
[SourceVersionDate "2016.10.25"]
[SourceQuality "1"]
[WhiteTeam "Salgotarjan"]
[BlackTeam "GSBE"]
[WhiteTeamCountry "HUN"]
[BlackTeamCountry "HUN"]

1. e4 c5 2. b3 b6 3. Bb2 Bb7 4. d3 e6 5. Nd2 d6 6. Ne2 Nf6 7. Ng3 Nc6 8. Be2 Be7 9. 0-0 Qc7 10. f4 0-0 11. Bf3 Nd4 12. c3 Nc6 13. Qe2 Rfe8 14. Rae1 Rad8 15. f5 e5 16. Nh5 b5 17. g4 Nxh5 18. gxh5 b4 19. Kh1 Bh4 20. Rd1 bxc3 21. Bxc3 h6 22. Rg1 Ba6 23. Qg2 Bf6 24. Nf1 Kh7 25. Ne3 Rc8 26. Nd5 Qd8 27. Bd2 Rg8 28. Be2 Nd4 29. Rdf1 Bb7 30. Ne3 Bg5 31. Bg4 Bf6 32. Bd1 Ba6 33. Nd5 Bxd3 34. Bxh6 Bxf1 35. Qxf1 gxh6 36. Rg6 fxg6 37. fxg6+ Kg7 38. Bg4 Rf8 39. Qa6 Rc7 40. Qa5 Re7 41. Qa6 Bh4 42. h3 Rf2 0-1

[Event "Budapest FS12 FM-A"]
[Site "Budapest"]
[Date "2014.12.07"]
[Round "2"]
[White "Vereb, Gabor"]
[Black "Juracsik, Jozsef"]
[Result "0-1"]
[WhiteElo "2145"]
[BlackElo "2126"]
[PlyCount "88"]
[EventDate "2014.12.06"]
[EventType "tourn"]
[EventRounds "9"]
[EventCountry "HUN"]
[SourceTitle "CBM 163 Extra"]
[Source "ChessBase"]
[SourceDate "2014.12.23"]
[SourceVersion "1"]
[SourceVersionDate "2014.12.23"]
[SourceQuality "1"]

1. e4 c5 2. Nf3 Nc6 3. d4 cxd4 4. Nxd4 Nf6 5. Nc3 e5 6. Ndb5 d6 7. Bg5 a6 8. Na3 b5 9. Nd5 Be7 10. Bxf6 Bxf6 11. g3 0-0 12. Bg2 g6 13. 0-0 Bg7 14. c3 Rb8 15. Nc2 a5 16. Qd2 Kh8 17. Rfd1 Bg4 18. f3 Be6 19. Nce3 Bh6 20. Qd3 f5 21. exf5 gxf5 22. f4 Qd7 23. Rf1 e4 24. Qe2 b4 25. Rfd1 Bg7 26. Rd2 bxc3 27. bxc3 Qa7 28. Rc1 Rfc8 29. Kh1 Nd4 30. Qh5 Qd7 31. Rcd1 Nb5 32. a4 Nxc3 33. Nxc3 Rxc3 34. Rxd6 Qe8 35. Qxe8+ Rxe8 36. Rd8 Rc8 37. Rxe8+ Rxe8 38. Bh3 Bb3 39. Rc1 Bxa4 40. Bxf5 Bb3 41. Rc7 a4 42. Bd7 Rd8 43. Nf5 a3 44. Nxg7 a2 0-1

[Event "HUN-chT2 Erkel 1314"]
[Site "Hungary"]
[Date "2014.04.27"]
[Round "11.4"]
[White "Vereb, Gabor"]
[Black "Hevesi, Zoltan"]
[Result "1/2-1/2"]
[WhiteElo "2120"]
[BlackElo "2056"]
[PlyCount "91"]
[EventDate "2013.09.08"]
[EventType "team-tourn"]
[EventRounds "11"]
[EventCountry "HUN"]
[SourceTitle "EXT 2016"]
[Source "ChessBase"]
[SourceDate "2015.10.08"]
[SourceVersion "1"]
[SourceVersionDate "2015.10.08"]
[SourceQuality "1"]
[WhiteTeam "Szada GSBE"]
[BlackTeam "Andornaktalya"]
[WhiteTeamCountry "HUN"]
[BlackTeamCountry "HUN"]

1. b3 d5 2. Bb2 Nf6 3. e3 Bf5 4. Nf3 h6 5. Be2 e6 6. 0-0 Be7 7. d3 0-0 8. Nbd2 c5 9. c4 Nc6 10. a3 Qc7 11. cxd5 exd5 12. Rc1 Qd6 13. Qc2 Nd7 14. Rfd1 Rac8 15. Nf1 b5 16. e4 Be6 17. d4 Nxd4 18. Nxd4 cxd4 19. Qxc8 Rxc8 20. Rxc8+ Nf8 21. e5 Qxe5 22. Rc2 Qf5 23. Bd3 Qh5 24. f3 a6 25. b4 Bd7 26. Bxd4 Ne6 27. Bb2 Bd8 28. Ng3 Bb6+ 29. Kh1 Qg5 30. Bf5 g6 31. Bd3 h5 32. Nf1 h4 33. Bc1 Qh5 34. Be3 Nd4 35. Bxd4 Bxd4 36. Be4 h3 37. Rxd4 hxg2+ 38. Rxg2 dxe4 39. Rxd7 Qxf3 40. Kg1 Qxa3 41. Rf2 e3 42. Rfxf7 e2 43. Rg7+ Kf8 44. Rdf7+ Ke8 45. Re7+ Kf8 46. Ref7+ 1/2-1/2

[Event "Budapest Spring op 30th"]
[Site "Budapest"]
[Date "2014.03.18"]
[Round "5"]
[White "Vereb, Gabor"]
[Black "Brustkern, Juergen"]
[Result "1-0"]
[WhiteElo "2137"]
[BlackElo "2233"]
[PlyCount "135"]
[EventDate "2014.03.14"]
[EventType "swiss"]
[EventRounds "9"]
[EventCountry "HUN"]
[SourceTitle "CBM 159 Extra"]
[Source "ChessBase"]
[SourceDate "2014.04.24"]
[SourceVersion "1"]
[SourceVersionDate "2014.04.24"]
[SourceQuality "1"]

1. g3 e5 2. Bg2 Nc6 3. d3 d5 4. Nf3 Be6 5. 0-0 f6 6. Nbd2 Qd7 7. e4 d4 8. Ne1 g5 9. Nb3 0-0-0 10. c3 h5 11. f4 gxf4 12. gxf4 Bg4 13. Qc2 h4 14. f5 dxc3 15. bxc3 h3 16. Bf3 Rh4 17. Qf2 Qh7 18. Be3 Bxf3 19. Qxf3 Nh6 20. Bf2 Qg7+ 21. Kh1 Rf4 22. Qxh3 Ng4 23. Bg3 Rxf1+ 24. Qxf1 Ba3 25. Rb1 Qg5 26. Qe2 Rh8 27. Nf3 Qg7 28. Nh4 Nh6 29. Ng6 Rd8 30. Bf2 Bd6 31. Be3 Nf7 32. Rg1 Qh7 33. Rg4 Qh5 34. Rg2 Qh7 35. Kg1 Bf8 36. Nxf8 Rxf8 37. Rg6 Ne7 38. Qg4 Rh8 39. h4 Kb8 40. Rg7 Qxg7 41. Qxg7 Rg8 42. Qxg8+ Nxg8 43. Kf2 b6 44. Kf3 Ngh6 45. Bxh6 Nxh6 46. d4 Kc8 47. dxe5 fxe5 48. Nd2 b5 49. Kg3 Kd7 50. h5 Ke7 51. Nf1 Kf6 52. Kh4 c5 53. Ne3 Nf7 54. Nd5+ Kg7 55. Nc7 b4 56. Ne6+ Kf6 57. c4 a5 58. Nxc5 Nd6 59. h6 Nxc4 60. Ne6 Nd6 61. h7 Nf7 62. Nd8 Nh8 63. Nc6 Kg7 64. Nxa5 Nf7 65. Kg4 Nd6 66. Kf3 Nb5 67. Nc6 Kxh7 68. Nxb4 1-0

[Event "HUN-chT2 Erkel 1314"]
[Site "Hungary"]
[Date "2014.02.16"]
[Round "7.5"]
[White "Vereb, Gabor"]
[Black "Pal, Geza"]
[Result "1-0"]
[WhiteElo "2120"]
[BlackElo "2218"]
[PlyCount "77"]
[EventDate "2013.09.08"]
[EventType "team-tourn"]
[EventRounds "11"]
[EventCountry "HUN"]
[SourceTitle "EXT 2016"]
[Source "ChessBase"]
[SourceDate "2015.10.08"]
[SourceVersion "1"]
[SourceVersionDate "2015.10.08"]
[SourceQuality "1"]
[WhiteTeam "Szada GSBE"]
[BlackTeam "Fot"]
[WhiteTeamCountry "HUN"]
[BlackTeamCountry "HUN"]

1. e4 c6 2. Nc3 d5 3. Nf3 dxe4 4. Nxe4 Nf6 5. Nxf6+ exf6 6. Bc4 Qe7+ 7. Be2 Qc7 8. d4 Bd6 9. 0-0 0-0 10. b3 Nd7 11. Bb2 Rd8 12. Re1 Nf8 13. h3 Ng6 14. Bd3 Nf4 15. c4 Bb4 16. Re3 Nxd3 17. Qxd3 Qf4 18. Bc3 Bf8 19. Ba5 b6 20. Bd2 Bf5 21. Qe2 Qc7 22. Bc3 Rd7 23. Nh4 Be6 24. Qf3 Bd6 25. Nf5 Bf8 26. Rd1 Rad8 27. Ng3 a6 28. Nh5 Be7 29. Nf4 Bf5 30. Rde1 Bg6 31. h4 h5 32. Nxh5 Kh7 33. Nf4 Bd6 34. Nxg6 fxg6 35. h5 Bf4 36. hxg6+ Kxg6 37. Qe4+ Kg5 38. Bd2 Rxd4 39. Rg3+ 1-0

[Event "HUN-chT2 Erkel 1314"]
[Site "Hungary"]
[Date "2014.02.02"]
[Round "6.4"]
[White "Molnar, Jozsef"]
[Black "Vereb, Gabor"]
[Result "1/2-1/2"]
[WhiteElo "2193"]
[BlackElo "2120"]
[PlyCount "92"]
[EventDate "2013.09.08"]
[EventType "team-tourn"]
[EventRounds "11"]
[EventCountry "HUN"]
[SourceTitle "EXT 2016"]
[Source "ChessBase"]
[SourceDate "2015.10.08"]
[SourceVersion "1"]
[SourceVersionDate "2015.10.08"]
[SourceQuality "1"]
[WhiteTeam "Budapest EAC II"]
[BlackTeam "Szada GSBE"]
[WhiteTeamCountry "HUN"]
[BlackTeamCountry "HUN"]

1. e4 e5 2. Bc4 Nf6 3. d3 Nc6 4. Nf3 Be7 5. Nc3 d6 6. 0-0 0-0 7. a3 h6 8. h3 Be6 9. Nd5 Bxd5 10. exd5 Nd4 11. Nxd4 exd4 12. Rb1 Nd7 13. Qg4 Bf6 14. Bxh6 Ne5 15. Qg3 Ng6 16. Bd2 Re8 17. Rfe1 Re5 18. Rxe5 Nxe5 19. Bb3 Nd7 20. Re1 Nc5 21. Bc4 a6 22. b4 Na4 23. Bb3 Nc3 24. Qg4 a5 25. Kf1 axb4 26. axb4 Nb5 27. g3 c5 28. dxc6 bxc6 29. h4 d5 30. Kg2 Qd6 31. h5 Qd8 32. Bh6 Kh8 33. Bf4 Qc8 34. Kf3 Qxg4+ 35. Kxg4 Kg8 36. Kf5 Rd8 37. g4 Bh4 38. g5 Bxf2 39. Re7 Kf8 40. Rb7 Be1 41. Ba4 Nd6+ 42. Bxd6+ Rxd6 43. b5 cxb5 44. Bxb5 g6+ 45. Kg4 gxh5+ 46. Kxh5 Bd2 1/2-1/2

[Event "HUN-chT2 Erkel 1314"]
[Site "Hungary"]
[Date "2013.10.20"]
[Round "3.41"]
[White "Vereb, Gabor"]
[Black "Bencze, Laszlo"]
[Result "1-0"]
[WhiteElo "2120"]
[BlackElo "2206"]
[PlyCount "83"]
[EventDate "2013.09.08"]
[EventType "team-tourn"]
[EventRounds "11"]
[EventCountry "HUN"]
[SourceTitle "EXT 2016"]
[Source "ChessBase"]
[SourceDate "2015.10.08"]
[SourceVersion "1"]
[SourceVersionDate "2015.10.08"]
[SourceQuality "1"]
[WhiteTeam "Szada GSBE"]
[BlackTeam "Dunaharaszti II"]
[WhiteTeamCountry "HUN"]
[BlackTeamCountry "HUN"]

1. e4 d6 2. d4 Nf6 3. Nc3 g6 4. f4 Bg7 5. Nf3 0-0 6. Bd3 c6 7. 0-0 b5 8. e5 dxe5 9. fxe5 Nd5 10. Qe2 Nc7 11. Ne4 Nd7 12. c3 a6 13. Bf4 Nb6 14. Qd2 Bf5 15. Bh6 Ne6 16. Bxg7 Kxg7 17. Nfg5 Nxg5 18. Nxg5 Bc8 19. Rf4 Nd5 20. Rh4 Rh8 21. e6 Bxe6 22. Nxe6+ fxe6 23. Qh6+ Kf7 24. Rf1+ Nf6 25. g4 g5 26. Qxg5 Qg8 27. Qe5 Ke8 28. g5 Nd7 29. Qg3 Qg7 30. Rhf4 e5 31. Rf7 Qxf7 32. Rxf7 Kxf7 33. g6+ hxg6 34. Qxg6+ Kf8 35. Qf5+ Ke8 36. dxe5 Kd8 37. Qe6 Rc8 38. Bf5 Rc7 39. Bg4 Nc5 40. Qf7 Nd7 41. Qg7 Re8 42. Bh5 1-0

[Event "Budapest Spring op 28th"]
[Site "Budapest"]
[Date "2012.04.03"]
[Round "9"]
[White "Vereb, Gabor"]
[Black "Albu, Ferenc"]
[Result "1-0"]
[WhiteElo "2170"]
[BlackElo "1794"]
[PlyCount "51"]
[EventDate "2012.03.26"]
[EventType "swiss"]
[EventRounds "9"]
[EventCountry "HUN"]
[SourceTitle "CBM 147 Extra"]
[Source "ChessBase"]
[SourceDate "2012.04.24"]
[SourceVersion "1"]
[SourceVersionDate "2012.04.24"]
[SourceQuality "1"]

1. e4 c5 2. Nf3 d6 3. d4 cxd4 4. Nxd4 g6 5. c4 Bg7 6. Nc3 Nc6 7. Be3 Nf6 8. Be2 Bd7 9. 0-0 Rc8 10. f3 Qb6 11. Nf5 Qxb2 12. Na4 Qe5 13. Nxg7+ Kf8 14. Bh6 Ng8 15. Ne6+ Ke8 16. Bg7 f6 17. Nf8 Qd4+ 18. Qxd4 Nxd4 19. Nxd7 Nxe2+ 20. Kf2 Nf4 21. Ndb6 axb6 22. Nxb6 Rc6 23. Rab1 Kf7 24. Bxh8 Nh6 25. Nd5 Rxc4 26. Nxf4 1-0

[Event "Budapest Spring op 28th"]
[Site "Budapest"]
[Date "2012.03.30"]
[Round "5"]
[White "Vereb, Gabor"]
[Black "Marosi, Levente"]
[Result "0-1"]
[WhiteElo "2170"]
[BlackElo "1959"]
[PlyCount "96"]
[EventDate "2012.03.26"]
[EventType "swiss"]
[EventRounds "9"]
[EventCountry "HUN"]
[SourceTitle "CBM 147 Extra"]
[Source "ChessBase"]
[SourceDate "2012.04.24"]
[SourceVersion "1"]
[SourceVersionDate "2012.04.24"]
[SourceQuality "1"]

1. d4 Nf6 2. c4 g6 3. Nc3 Bg7 4. e4 d6 5. Be2 0-0 6. Bg5 h6 7. Be3 Nc6 8. d5 Nb8 9. h3 c6 10. Qd2 Kh7 11. Nf3 cxd5 12. cxd5 a6 13. 0-0 b5 14. a3 Nbd7 15. b4 Nb6 16. Nd4 Bd7 17. f3 Nh5 18. Kh2 Rc8 19. a4 Nc4 20. Bxc4 Rxc4 21. g4 Be5+ 22. Kg1 Nf4 23. axb5 axb5 24. Rac1 Qc8 25. Ncxb5 Bxb5 26. Nxb5 Rxc1 27. Rxc1 Qxc1+ 28. Qxc1 Ne2+ 29. Kf2 Nxc1 30. Bxc1 Rb8 31. Na7 Bd4+ 32. Be3 Bxe3+ 33. Kxe3 Rxb4 34. Nc6 Rb3+ 35. Kd4 e5+ 36. dxe6 fxe6 37. Nd8 Rxf3 38. Nxe6 Rxh3 39. e5 dxe5+ 40. Kxe5 Re3+ 41. Kf6 Rf3+ 42. Ke5 Kg8 43. Ke4 Rf1 44. Nd4 Kf7 45. Nf3 Kf6 46. Kf4 Rxf3+ 47. Kxf3 Ke5 48. g5 h5 0-1